Neue Verfahren zur Minderung der Oberflächenleitfähigkeit von Isolierstoffen

Bibliographic Details
Main Authors: Nicolics, Johann (Author), Hauser, Hans (Author)
Format: Article
Language:German
PhysicalDescription:Sch. 1, tab. 1, lit. 21 zázn. v angl., nem.
ISBN:8023302884
Subjects:

MARC

LEADER 00000nab a2200000 a 4500
001 vtls000546019
003 SK-MaSNL
005 20260319074435.0
008 160204c1993 xo 0 ger
015 |a SNBRA19rr/mm-uuuuu 
035 |a CL0546157 
040 |a SNKBUCL  |b slo  |c SNKBUCL  |e AACR2 
041 0 |a ger 
044 |a xo  |c SK 
080 |a 621.315.61.011  |2 1981 
100 1 |a Nicolics, Johann  |4 aut  |9 328377 
245 1 0 |a Neue Verfahren zur Minderung der Oberflächenleitfähigkeit von Isolierstoffen  |c Johann Nicolics, Hans Hauser 
300 |b Sch. 1, tab. 1, lit. 21 zázn. v angl., nem. 
650 0 7 |a izolanty  |2 snkbucl  |9 82534 
655 7 |a články zo zborníkov  |2 snkbucl  |9 166140 
700 1 |a Hauser, Hans  |4 aut  |9 832291 
773 0 |t Dielektrické a izolačné systémy v elektrotechnike  |d Bratislava : Dom techniky ZSVTS, 1993  |g S. 151-157  |z 8023302884 
850 |a Slovenská národná knižnica v Martine  |a MTA001 
852 |a SNK  |b KIS3GCP 
958 |a NB 
958 |a RK 
992 |a RZB 
999 |c 1594749  |d 1596679